00433nam a22001337a 450000500170000000800410001702000150005805000180007324500810009125000130017226000640018530000280024970000220027720260422114036.0260422b |||||||| |||| 00| 0 eng d a0131992317 aJK2408 b.S79 aState and Local PoliticsbGovernment by the peoplecDavid B. Magleby et al., a12th ed. aUpper Saddle River, New JerseybPearson Prentice Hallc2007 aix. 239p.bill.c23.5cm aMagleby, David B.